01714nam a22002177a 45000010005000000030006000050050017000110080041000280200018000690400030000870820008001171000021001252450299001462600039004453000052004845050007005365200670005435200237012135210027014505210019014778284FISKH20250908142259.0250908b cb ||||| |||| 00| 0 eng d a9789996301902 aFISKHbkhr cFISKHdFISKH a800 aThayson, Annett  aផ្ទះរបស់បាបាប៉ាប៉ា​ / cនិពន្ធដោយ អានណែត ថាយសិន និង ថែលើសថែឡរ ប្រែសម្រួលជាភាសាខ្មែរដោយ អ្នកស្រី ម៉ុង គីមណា  aPhnom Penh : bOpen Books, c2017. a34 pages : bcolor illustrations ; c18 x 24 cm aG  aការជួបប្រទះនឹងបាបាប៉ាប៉ា គឺពិតជាអស្ចារ្យមែន ។ គ្រប់គ្នាពិតជាចូលចិត្តការបង្កើតថ្មីជាពិសេសក្រុមបាបាប៉ាប៉ាមានភាពរួសរាយរាក់ទាក់ ចិត្តល្អ និងស្មោះត្រង់ណាស់ ។ គាត់អាចផ្លាស់ប្ដូររូបរាងទៅតាមទំរង់ផ្សេងៗ នឹងអាចដោះស្រាយបញ្ហាទាំងពួងទៀតផង។  aMeeting Barbapapa is truly wonderful. Everyone really enjoys his creativity, especially since the Barbapapa family is friendly, kind, and very honest. He can change his shape into different forms and can also solve various problems.8 a370 bLexile estimate 8 aG bRaz-Plus